000
00256nam a2200109Ia 4500
008
200302s9999 xx 000 0 und d
100
_a
John R. Dunmire & Other
245
_a
Orchids
260
_b
Sunset Books Menlo Park
260
_c
1999
300
_a
112 P.,
999
_c
1464
_d
1464